Toán học cao cấp : (Dùng cho sinh viên các trường đại học kĩ thuật)

Nội dung tài liệu bao gồm từ chương 9 đến chương 15: hàm nhiều biến, một số vấn đề về hình học vi phân, phương trình vi phân, tích bội phân, tích đường và tích phân mặt, lý thuyết trường, chuỗi....

Cijeli opis

Spremljeno u:
Bibliografski detalji
Glavni autor: Nguyễn, Đình Trí
Format: Knjiga
Jezik:Undetermined
Izdano: Hà Nội Giáo dục 1995
Teme:
Oznake: Dodaj oznaku
Bez oznaka, Budi prvi tko označuje ovaj zapis!
Thư viện lưu trữ: Trung tâm Học liệu Trường Đại học Cần Thơ
LEADER 00979nam a2200229Ia 4500
001 CTU_1298
008 210402s9999 xx 000 0 und d
082 |a 515 
082 |b Tr300/T.3 
100 |a Nguyễn, Đình Trí 
245 0 |a Toán học cao cấp : 
245 0 |b (Dùng cho sinh viên các trường đại học kĩ thuật) 
245 0 |c Nguyễn Đình Trí 
260 |a Hà Nội 
260 |b Giáo dục 
260 |c 1995 
520 |a Nội dung tài liệu bao gồm từ chương 9 đến chương 15: hàm nhiều biến, một số vấn đề về hình học vi phân, phương trình vi phân, tích bội phân, tích đường và tích phân mặt, lý thuyết trường, chuỗi. 
526 |a Vi - Tích phân A2 
526 |b TN002 
650 |a Mathematical analysis 
904 |i Duy Bằng 
980 |a Trung tâm Học liệu Trường Đại học Cần Thơ